| 000 | 01066nam a22002777a 4500 | ||
|---|---|---|---|
| 001 | 9703 | ||
| 003 | FISKH | ||
| 005 | 20260130091059.0 | ||
| 008 | 260130b cb ||||| |||| 00| 0 eng d | ||
| 020 | _a9780710509116 | ||
| 040 |
_aFISKH _beng _cFISKH _dFISKH |
||
| 050 | _aPZ7 | ||
| 082 | _a398.2 | ||
| 100 |
_aAnonymous _eAuthor |
||
| 245 |
_aPuss in boots / _cIllustrated by Jenny Press ; courtesy of Simon Girling & Associates |
||
| 260 |
_aBridlington : _bPeter Haddock Ltd , _c1996 |
||
| 300 |
_a16 unnumbered pages : _bcolor illustrations ; _c16 cm |
||
| 505 | _aE | ||
| 520 | _aPuss in Boots is a classic fairy tale about a clever cat who uses trickery and cunning to transform his master’s fortunes, outsmarting nobles and gaining wealth and a title for his poor owner. This edition retells the classic for young readers with illustrations. | ||
| 521 | 8 |
_a300
_bLexile estimate |
|
| 521 | 8 |
_aE
_bRaz-Plus |
|
| 650 |
_aChildren’s fairy tale _vEarly readers |
||
| 700 |
_aPress, Jenny _eIllustrator |
||
| 942 |
_2ddc _cBK _n0 |
||
| 999 |
_c9703 _d9703 |
||